HARRY POTTER RANDOM TRIVIA #2 - Statistics

General Stats
  • This quiz has been taken 80 times
  • The average score is 5 of 9
Answer Stats
Hint Answer % Correct
What fruit must one tickle to gain access to the kitchens? Pear
90%
Which ear did George lose? (left of right)? Left
86%
In what year did Lily and James Potter die? 1981
71%
What is the name of Hepzibah Smith's house-elf? Hokey
59%
What is the correct order for listing the Marauders? Moony, Wormtail, Padfoot, and Prongs
41%
What form did Hermione's boggart take? Professor McGonagall telling her she’d failed her exams
39%
The drink of despair is what color? (The movie is wrong)!! Emerlad Green
36%
What is the title of the first chapter in the "Chamber Of Secrets"? The Worst Birthday
29%
Where was Madam Marsh travelling to via the Knight Bus in 1993? Abergavenny
4%
No matching quizzes found
Score Distribution
Percent of People with Each Score
Percentile by Number Answered
Your Score History
You have not taken this quiz